| 000 | 00936cam a2200289 a 4500 | ||
|---|---|---|---|
| 999 |
_c4875 _d4875 |
||
| 001 | 4791284 | ||
| 003 | GBCCL | ||
| 005 | 20241126110528.0 | ||
| 008 | 870407s1986 caua 001 0 eng | ||
| 010 | _a 87129872 | ||
| 040 |
_aDLC _cDLC _dDLC _dOCoLC |
||
| 043 |
_ae-uk--- _an-us--- |
||
| 050 | 0 | 0 |
_aBS649.G7 _bA83 1986 |
| 082 | 0 | 0 |
_a220.15 _219 _bARM |
| 100 | 1 |
_aArmstrong, Herbert W. _93968 |
|
| 245 | 1 | 4 |
_aThe United States and Britain in prophecy / _c by Herbert W. Armstrong |
| 250 | _a8th ed., rev. | ||
| 260 |
_aPasadena, Calif. : _bWorldwide Church of God, _c1986. |
||
| 300 |
_ax, 196 p. : _bill. (some col.) ; _c21 cm. |
||
| 500 | _aIncludes indexes. | ||
| 630 | 0 | 0 |
_aBible _xProphecies _zGreat Britain. _98873 |
| 630 | 0 | 0 |
_aBible _xProphecies _zUnited States. _91855 |
| 650 | 0 |
_aAnglo-Israelism. _98874 |
|
| 710 | 2 |
_aWorldwide Church of God. _98875 |
|
| 906 |
_a7 _bcbc _corignew _d2 _encip _f19 _gy-gencatlg |
||
| 942 |
_2ddc _cBK |
||